Отличительные свойства сточных вод гидроторфа; Труды Всесоюзного научно-исследовательского института торфяной промышленности; Вып. 13

Detalles Bibliográficos
Parent link:Труды Всесоюзного научно-исследовательского института торфяной промышленности/ Всесоюзный научно-исследовательский институт торфяной промышленности.— , 1956-1967
Вып. 13.— 1956.— С. 64-73
Autor Principal: Сергеев Б. Ф.
Outros autores: Солдаткина Г. П.
Idioma:ruso
Publicado: 1956
Formato: MixedMaterials Capítulo de libro
KOHA link:https://koha.lib.tpu.ru/cgi-bin/koha/opac-detail.pl?biblionumber=206214

MARC

LEADER 00000naa2a2200000 4500
001 206214
005 20231031190709.0
035 |a (RuTPU)RU\TPU\book\224783 
035 |a RU\TPU\book\224782 
090 |a 206214 
100 |a 20111228d1956 k y0rusy50 ca 
101 0 |a rus 
102 |a RU 
200 1 |a Отличительные свойства сточных вод гидроторфа  |f Б. Ф. Сергеев, Г. П. Солдаткина 
320 |a Библиогр.: с. 73 (2 назв.) 
461 0 |0 (RuTPU)RU\TPU\book\224773  |t Труды Всесоюзного научно-исследовательского института торфяной промышленности  |f Всесоюзный научно-исследовательский институт торфяной промышленности  |d 1956-1967 
463 0 |0 (RuTPU)RU\TPU\book\224776  |t Вып. 13  |v С. 64-73  |d 1956  |p 124 с. 
700 1 |a Сергеев  |b Б. Ф. 
701 1 |a Солдаткина  |b Г. П. 
801 1 |a RU  |b 63413507  |c 20111228 
801 2 |a RU  |b 63413507  |c 20111228  |g RCR 
942 |c BK